Central Library OPAC University of Rajshahi

A history of Japanese political thought, 1600-1901 / (Record no. 57886)

MARC details
000 -LEADER
fixed length control field 01114nam a2200325 a 4500
001 - CONTROL NUMBER
control field 57886
003 - CONTROL NUMBER IDENTIFIER
rucl marc code BD-RjUL
005 - DATE AND TIME OF LATEST TRANSACTION
control field 20211209080549.0
008 - FIXED-LENGTH DATA ELEMENTS--GENERAL INFORMATION
fixed length control field 161212s2012 ja ab b 001 0 eng d
020 ## - INTERNATIONAL STANDARD BOOK NUMBER
International Standard Book Number 9784924971325
International Standard Book Number 4924971324
035 ## - SYSTEM CONTROL NUMBER
System control number (BD-RjUL)58010
038 ## - RECORD CONTENT LICENSOR
Record content licensor OCoLC
040 ## - CATALOGING SOURCE
Original cataloging agency LWU
Transcribing agency LWU
Modifying agency BD-RjUL
Language of cataloging eng
041 1# - LANGUAGE CODE
Language code of text/sound track or separate title eng
Language code of original jpn
055 #3 - CLASSIFICATION NUMBERS ASSIGNED IN CANADA
Classification number JA84.J3
Item number W3613 2012
082 ## - DEWEY DECIMAL CLASSIFICATION NUMBER
Edition number 23
Classification number 320.0952
Author mark and year HIH 2012
090 ## - LOCALLY ASSIGNED LC-TYPE CALL NUMBER (OCLC); LOCAL CALL NUMBER (OCLC)
Classification number (OCLC) (R) ; Classification number, CALL (RLIN) (NR) BLI
Local cutter number (OCLC) ; Book number/undivided call number, CALL (RLIN) YP.2012.a.4652
100 1# - MAIN ENTRY--PERSONAL NAME
Linkage 880-01
Personal name Watanabe, Hiroshi,
Dates associated with a name 1946-
9 (RLIN) 171939
245 12 - TITLE STATEMENT
Title A history of Japanese political thought, 1600-1901 /
Statement of responsibility, etc. Watanabe Hiroshi ; translated by David Noble.
250 ## - EDITION STATEMENT
Edition statement 1st English ed.
260 ## - PUBLICATION, DISTRIBUTION, ETC. (IMPRINT)
Place of publication, distribution, etc. Tokyo :
Name of publisher, distributor, etc. International House of Japan,
Date of publication, distribution, etc. 2012.
300 ## - PHYSICAL DESCRIPTION
Pagination xiv, 543 p. :
Illustrations ill., maps ;
Size 24 cm.
490 1# - SERIES STATEMENT
Series statement LTCB international library selection ;
Volume/sequential designation no. 30
504 ## - BIBLIOGRAPHY, ETC. NOTE
Bibliography, etc Includes bibliographical references and index.
650 #0 - SUBJECT ADDED ENTRY--TOPICAL TERM
Topical term or geographic name as entry element Political science
Geographic subdivision Japan
General subdivision History
Chronological subdivision 17th century.
9 (RLIN) 171940
Topical term or geographic name as entry element Political science
Geographic subdivision Japan
General subdivision History
Chronological subdivision 19th century.
9 (RLIN) 171941
700 1# - ADDED ENTRY--PERSONAL NAME
Personal name Noble, David.
942 ## - ADDED ENTRY ELEMENTS (KOHA)
Source of classification or shelving scheme Dewey Decimal Classification
Koha item type Books
Holdings
Lost status Source of classification or shelving scheme Damaged status Not for loan Collection code Permanent Location Current Location Shelving location Date acquired Source of acquisition Cost, normal purchase price Total Checkouts Full call number Date last seen Copy number Koha item type
  Dewey Decimal Classification   Not For Loan Non-fiction Central Library, University of Rajshahi Central Library, University of Rajshahi Reading Room 11/03/2013 Zeitlinger 0.00   320.0952 HIH 2012 12/12/2016 C-1 Books